000
00305nam a2200121Ia 4500
008
191201s2012 xx 000 0 und d
100
_a
WALKENBACH, John
245
0
_a
Microsoft excel 2010 Bible
250
_a
Rep
260
_c
2012
_b
Wiley Dreautech India
_a
NEW DELHI
300
_a
1006
942
_2
ddc
_c
BK
_0
9
999
_c
7832
_d
7832